000 00429nam a22001697a 4500
003 MPLRDC
005 20220104144349.0
008 210129b ||||| |||| 00| 0 eng d
082 _a857.27 PSL-13 v.2
100 _a蒲松龄
245 _a聊斋志异. 下: 二十四卷抄本
_c
250 _a初版
260 _a
_b齐鲁书社
_c1984
300 _b
650 _a小说--笔记; 异闻
942 _cBK
_o857.27 PSL-13 v.2
999 _c48894
_d48884